The Rolex awards for enterprise. (Registro nro. 17295)
[ vista simple ]
| 000 -CABECERA | |
|---|---|
| Campo de control | 00709cas a2200205Ia 4500 |
| 005 - FECHA Y HORA DE LA ULTIMA TRANSACCION | |
| Campo de control | 20180504044123.0 |
| 008 - ELEMENTOS DE LONGITUD FIJA—INFORMACION GENERAL | |
| Campo de control | 030331c20029999sz gr 0 a0eng |
| 040 ## - FUENTE DE CATALOGACIÓN | |
| Agencia catalogadora original | CPV |
| Agencia transcriptora | CPV |
| Agencia Modificadora | OCLCQ |
| -- | ICU |
| -- | CO-BoIAVH |
| 041 0# - IDIOMA | |
| Código de idioma para texto/pista de sonido o título separado | Inglés |
| 044 ## - PAÍS DE PUBLICACIÓN | |
| País de publicación | Suiza |
| 090 ## - CLASIFICACIÓN LOCAL | |
| Colección | SE |
| 245 04 - MENCION DE TITULO | |
| Título | The Rolex awards for enterprise. |
| 246 14 - FORMA VARIANTE DEL TITULO | |
| Título propiamente dicho/forma breve del título | For enterprise |
| 260 ## - PUBLICACION, DISTRIBUCION, ETC. (PIE DE IMPRENTA) | |
| Lugar de publicación, distribución, etc. | Geneva (Suiza) : |
| Nombre del editor, distribuidor, etc. | Secretariat of the Rolex Awards for Enterprise, |
| Fecha de publicación, distribución, etc. | 2002- |
| 300 ## - DESCRIPCION FISICA | |
| Otros detalles físicos | ilustraciones (algunas color) ; |
| Dimensiones | 24 cm. |
| 650 26 - ASIENTO SECUNDARIO DE MATERIA - TERMINO TEMATICO | |
| Término temático o nombre geográfico como elemento de entrada | Innovación científica |
| Subdivisión general | Premios |
| Subdivisión de forma | Publicaciones periódicas |
| 9 (RLIN) | 90999 |
| 650 26 - ASIENTO SECUNDARIO DE MATERIA - TERMINO TEMATICO | |
| Término temático o nombre geográfico como elemento de entrada | Ciencia |
| Subdivisión general | Premios |
| Subdivisión de forma | Publicaciones periódicas |
| 9 (RLIN) | 91000 |
| 780 00 - ASIENTO DEL TITULO ANTERIOR | |
| Title | Winners of the ... Rolex Awards for Enterprise |
| 942 ## - ELEMENTOS ADICIONALES (KOHA) | |
| Sistema de clasificación | Local |
| Tipo de ítem | Periodica o revista |
| Withdrawn status | Lost status | Sistema de Clasificación | Damaged status | No para préstamo | Colección | Fecha publicación (Año) | Número revista | Inventariado | Ubicación Permanente | Ubicación actual | Fecha de adquisición | Datos de publicación Seriada | Total Checkouts | Número topográfico | Inventario / Código de Barras | Date last seen | Ejemplar | Price effective from | Forma de adquisición | Tipo de material |
|---|---|---|---|---|---|---|---|---|---|---|---|---|---|---|---|---|---|---|---|---|
| Local | Hemeroteca | 2004 | 17 | Inventariado 2017 | Bogotá | Bogotá | 26/05/2005 | Número 17 (01/12/2004) | SE | 019000 | 25/03/2015 | Ej. 1 | 25/03/2015 | Donación | Periodica o revista | |||||
| Local | Hemeroteca | 2007 | 22 | Inventariado 2017 | Bogotá | Bogotá | 28/11/2007 | Número 22 (01/09/2007) | SE | 025546 | 25/03/2015 | Ej. 1 | 25/03/2015 | Donación | Periodica o revista | |||||
| Hemeroteca | 2009 | 25 | Villa de Leyva | Villa de Leyva | 22/09/2009 | SERIADAS 01533 | 027591 | 25/03/2015 | 1 | 25/03/2015 | Periodica o revista |